Kings of France (Extra hard!) - Statistics

General Stats
  • This quiz has been taken 200 times
  • The average score is 11 of 88
Answer Stats
Years House Title King's Wikipedia Name % Correct
768-814 Carolingian King of Franks, Emperor of Romans Charlemagne
75%
509-511 Merovingian King of the Franks Clovis I
53%
1804-1814 Bonaparte Emperor of the French Napoleon I
53%
1815 Bonaparte Emperor of the French Napoleon I
53%
1848-1870 Bonaparte Emperor of the French Napoleon III
50%
879-882 Carolingian King of the Franks Louis III
45%
986-987 Carolingian King of the Franks Louis V
43%
1031-1060 Capetian King of the Franks Henry I
36%
1793-1795 Bourbon King of France and Navarre Louis XVII
32%
1547-1559 Valois King of France Henry II
31%
1824-1830 Bourbon King of France and Navarre Charles X
29%
1574-1589 Valois King of France, Poland, Lithuanian Duke Henry III
29%
987-996 Capetian King of the Franks Hugh Capet
29%
1559-1560 Valois King of France and the Scots Francis II
28%
768-771 Carolingian King of the Franks Carloman I
26%
629-639 Merovingian King of the Franks Dagobert I
26%
922-923 Robertian King of the Franks Robert I
25%
1830 Bourbon King of France Henry V
23%
751-768 Carolingian King of the Franks Pepin the Short
23%
954-986 Carolingian King of the Franks Lothair
22%
1560-1574 Valois King of France Charles IX
21%
673-675 Merovingian King of the Franks Childeric II
21%
882-884 Carolingian King of the Franks Carloman II
20%
561-584 Merovingian King of the Franks at Soissons Chilperic I
17%
743-751 Merovingian King of the Franks Childeric III
15%
711-715 Merovingian King of the Franks Dagobert III
15%
715-721 Merovingian King of the Franks, Neustria, Burgundy Chilperic II
14%
691-694 Merovingian King of the Franks Clovis IV
14%
511-558 Merovingian King of the Franks at Paris Childebert I
13%
575-595 Merovingian King of the Franks, Austrasia, Burgundy Childebert II
11%
814-840 Carolingian King of Franks, Emperor of Romans Louis I the Pious
11%
1180-1223 Capetian King of France Philip II Augustus
11%
923-936 Bosonid King of the Franks Rudolph
11%
511-533? Merovingian King of the Franks at Reims Theuderic I
11%
595-613 Merovingian King of the Franks, Austrasia, Burgundy Theuderic II
9%
1350-1364 Valois King of France John II the Good
8%
1316 Capetian King of France and Navarre John I the Posthumous
8%
1226-1270 Capetian King of France Louis IX the Saint
8%
675-691 Merovingian King of the Franks and Neustria Theuderic III
8%
889-922 Carolingian King of the Franks Charles III the Simple
7%
885-888 Carolingian King of Franks, Emperor of Romans Charles II the Fat
6%
840-877 Carolingian King of Franks, Emperor of Romans Charles I the Bald
6%
657-673 Merovingian King of Neustria, Burgundy, Austrasia Chlothar III
6%
888-889 Robertian King of the Franks Odo of Paris
6%
721-737 Merovingian King of the Franks Theuderic IV
6%
561-567 Merovingian King of the Franks at Paris Charibert I
5%
561-592 Merovingian King of the Franks at Orleans Guntram
5%
877-879 Carolingian King of the Franks Louis II the Stammerer
5%
1223-1226 Capetian King of France Louis VIII the Lion
5%
1108-1137 Capetian King of the Franks Louis VI the Fat
5%
1610-1643 Bourbon King of France and Navarre Louis XIII the Just
5%
1714-1774 Bourbon King of France and Navarre Louis XV the Beloved
5%
561-575 Merovingian King of the Franks at Metz Sigebert I
5%
613 Merovingian King of the Franks, Austrasia, Burgundy Sigebert II
5%
1364-1380 Valois King of France Charles V the Wise
4%
511-524 Merovingian King of the Franks at Orleans Chlodomer
4%
1137-1180 Capetian King of the Franks Louis VII the Young
4%
533?-547? Merovingian King of the Franks at Reims Theudebert I
4%
595-612 Merovingian King of the Franks, Austrasia Theudebert II
4%
1322-1328 Capetian King of France and Navarre Charles IV the Fair
3%
1483-1498 Valois King of France Charles VIII the Affable
3%
1830-1848 Orléans King of the French Louis-Philippe I the Citizen King
3%
1314-1316 Capetian King of France and Navarre Louis X the Quarreller
3%
1380-1422 Valois King of France Charles VI the Beloved, the Mad
2%
1461-1483 Valois King of France Louis XI the Prudent, the Universal Spider
2%
1814-1815 Bourbon King of France and Navarre Louis XVIII the Desired
2%
1815-1824 Bourbon King of France and of Navarre Louis XVIII the Desired
2%
1815 Bonaparte Emperor of the French Napoleon II the Eaglet
2%
1270-1285 Capetian King of France Philip III the Bold
2%
1060-1108 Capetian King of the Franks Philip I the Amorous
2%
1285-1314 Capetian King of France and Navarre Philip IV the Fair, the Iron King
2%
1328-1350 Valois King of France Philip VI the Fortunate
2%
1316-1322 Capetian King of France and Navarre Philip V the Tall
2%
996-1031 Capetian King of the Franks Robert II the Pious, the Wise
2%
547?-555 Merovingian King of the Franks at Reims Theudebald
2%
1422-1461 Valois King of France Charles VII the Victorious, the Well-Served
1%
1515-1547 Valois King of France Francis I the Father, Restorer of Letters
1%
1422-1453 Lancaster King of England and France Henry VI of England
1%
1498-1515 Valois King of France Louis XII Father of the People
1%
1643-1715 Bourbon King of France and Navarre Louis XIV the Great the Sun King
1%
1830 Bourbon King of France and Navarre Louis XIX Antoine
1%
694-711 Merovingian King of the Franks Childebert III the Just
0%
584-629 Merovingian King of the Franks, Austrasia, Burgundy Chlothar II the Great, the Young
0%
511-561 Merovingian King of the Franks a Soissons Chlothar the Old
0%
634-657 Merovingian King of Neustria and Burgundy Clovis II the Lazy
0%
1598-1610 Bourbon King of France and Navarre Henry IV, Green Gallant, Good King Henry
0%
936-954 Carolingian King of the Franks Louis IV of Outremer
0%
1774-1792 Bourbon King of France and Navarre Louis XVI the Restorer of French Liberty
0%
No matching quizzes found
Score Distribution
Percent of People with Each Score
Percentile by Number Answered
Your Score History
You have not taken this quiz